[Event "4NCL Division 3 North"]
[Site "Bolton, ENG"]
[Date "2017.01.15"]
[Round "4.11"]
[White "Hilton, Tim"]
[Black "Li, Henry"]
[Result "0-1"]
[WhiteElo "1937"]
[BlackElo "2247"]
[PlyCount "52"]
[EventDate "2017.01.15"]
[WhiteTeam "Manchester Manticores 4"]
[BlackTeam "Gonzaga"]

1. c4 Nf6 2. g3 g6 3. Bg2 Bg7 4. Nc3 O-O 5. d3 d6 6. e4 e5 7. Nge2 c6 8. O-O
Nbd7 9. h3 Nh5 10. Be3 f5 11. Qd2 Qf6 12. f4 exf4 13. gxf4 Qf7 14. Rab1 a5 15.
a3 a4 16. Qc2 fxe4 17. Nxe4 Qe7 18. Bd2 Nc5 19. Bb4 Bf5 20. Bxc5 dxc5 21. Rbe1
Qh4 22. Ng5 Nxf4 23. Nxf4 Qxg5 24. Ne6 Bxe6 25. Rxe6 Bd4+ 26. Kh1 Rxf1+ 0-1

[Event "4NCL Division 3 North"]
[Site "Bolton, ENG"]
[Date "2017.01.15"]
[Round "4.15"]
[White "Grindrod, John"]
[Black "Jackson, Carl"]
[Result "1/2-1/2"]
[WhiteElo "1847"]
[BlackElo "2133"]
[PlyCount "86"]
[EventDate "2017.01.15"]
[WhiteTeam "Manchester Manticores 4"]
[BlackTeam "Gonzaga"]

1. c4 e5 2. g3 c6 3. Bg2 d5 4. cxd5 cxd5 5. d3 Nc6 6. a3 Be6 7. Nf3 h5 8. h4 f6
9. b4 Bd6 10. Nc3 Nh6 11. Nh2 Bb8 12. e3 Qd7 13. Qxh5+ Kf8 14. Qf3 Ne7 15. Qe2
a5 16. Qb2 Bh3 17. Bf3 f5 18. bxa5 e4 19. Be2 exd3 20. Bxd3 Be5 21. Bd2 d4 22.
exd4 Qxd4 23. Nf3 Qxd3 24. Nxe5 Qd6 25. Bf4 Bg2 26. Rg1 Bc6 27. Rd1 Qe6 28. Ne2
Re8 29. Qb4 Kg8 30. Rd4 Qa2 31. Qc4+ Qxc4 32. Nxc4 Nf7 33. Rd2 Nd5 34. Kd1 Ba4+
35. Ke1 Nxf4 36. gxf4 Rxh4 37. Rd4 Bb5 38. Ne3 Rh6 39. Kd2 Bxe2 40. Kxe2 Rc6
41. Rb1 Nd6 42. Kf3 Re6 43. Rb3 Rc5 1/2-1/2

[Event "4NCL Division 3 North"]
[Site "Bolton, ENG"]
[Date "2017.01.15"]
[Round "4.21"]
[White "Galyas, Miklos"]
[Black "Bennett, Patrick"]
[Result "1-0"]
[WhiteElo "2477"]
[BlackElo "2010"]
[PlyCount "55"]
[EventDate "2017.01.15"]
[WhiteTeam "Manx Liberty"]
[BlackTeam "Holmes Chapel"]

1. c4 e5 2. g3 Nf6 3. Bg2 d5 4. cxd5 Nxd5 5. Nc3 Nb6 6. e3 Be7 7. Nge2 O-O 8.
O-O N8d7 9. f4 exf4 10. Nxf4 Nf6 11. b3 c6 12. Bb2 Bg4 13. Qc2 Qd7 14. Ne4 Nfd5
15. Nf2 Nxf4 16. gxf4 Be6 17. Kh1 f5 18. Nd3 Bd5 19. Rg1 Bf6 20. Ne5 Qe6 21. d3
Bxg2+ 22. Rxg2 Nd7 23. Rag1 Nxe5 24. fxe5 Bxe5 25. Rxg7+ Kh8 26. Qg2 Qf6 27.
Bxe5 Qxe5 28. Rxh7+ 1-0

[Event "4NCL Division 3 North"]
[Site "Bolton, ENG"]
[Date "2017.01.15"]
[Round "4.22"]
[White "Turner, John M"]
[Black "Seger, Ruediger"]
[Result "0-1"]
[WhiteElo "2003"]
[BlackElo "2352"]
[PlyCount "62"]
[EventDate "2017.01.15"]
[WhiteTeam "Holmes Chapel"]
[BlackTeam "Manx Liberty"]

1. e4 c6 2. Nc3 d5 3. Nf3 Bg4 4. h3 Bxf3 5. Qxf3 e6 6. d3 Nf6 7. g3 Bb4 8. Bg2
Nbd7 9. O-O O-O 10. exd5 cxd5 11. Bd2 Rc8 12. a3 Ba5 13. Rac1 a6 14. b4 Bc7 15.
Nd1 b5 16. c4 Ne5 17. Qe2 bxc4 18. dxc4 Nxc4 19. Rxc4 dxc4 20. Bb7 Rb8 21. Bxa6
Ra8 22. b5 Bb6 23. Bb4 Qc7 24. Ne3 Nd5 25. Bxf8 Nxe3 26. Qf3 Nxf1 27. Qxa8
Qxg3+ 28. Qg2 Qxg2+ 29. Kxg2 c3 30. Bd6 c2 31. Bf4 Ne3+ 0-1

[Event "4NCL Division 3 North"]
[Site "Bolton, ENG"]
[Date "2017.01.15"]
[Round "4.23"]
[White "Kolbus, Dietmar"]
[Black "Doran, Chris"]
[Result "1-0"]
[WhiteElo "2306"]
[BlackElo "1962"]
[PlyCount "93"]
[EventDate "2017.01.15"]
[WhiteTeam "Manx Liberty"]
[BlackTeam "Holmes Chapel"]

1. c4 Nf6 2. Nc3 g6 3. e4 d6 4. d4 Bg7 5. Bd3 O-O 6. Nge2 e5 7. d5 a5 8. f3 Na6
9. Be3 Nc5 10. Bc2 Bd7 11. Qd2 a4 12. Nb5 Nh5 13. Nec3 Bxb5 14. Nxb5 f5 15. Bg5
Qd7 16. Nc3 fxe4 17. Nxe4 Nxe4 18. Bxe4 a3 19. b3 Nf6 20. Qe2 Nxe4 21. fxe4 c6
22. Rd1 c5 23. Rf1 Rxf1+ 24. Kxf1 b5 25. cxb5 Rb8 26. Rc1 Rxb5 27. Rc4 Ra5 28.
Ke1 Bf8 29. Bd2 Ra8 30. Rc3 Be7 31. Rf3 Rf8 32. Rxf8+ Kxf8 33. Kd1 Kg7 34. Bc1
Bh4 35. Bxa3 Qf7 36. Bc1 Qa7 37. Qe3 Bd8 38. a4 Ba5 39. Kc2 Qb7 40. Qh6+ Kg8
41. Qh3 Qb4 42. Qd3 Qe1 43. Qf3 Kg7 44. Bg5 Qa1 45. Qf6+ Kg8 46. Qe6+ Kg7 47.
Bf6+ 1-0

[Event "4NCL Division 3 North"]
[Site "Bolton, ENG"]
[Date "2017.01.15"]
[Round "4.24"]
[White "Laurence, Geoff"]
[Black "Haslinger, Gareth J"]
[Result "0-1"]
[WhiteElo "1965"]
[BlackElo "2063"]
[PlyCount "54"]
[EventDate "2017.01.15"]
[WhiteTeam "Holmes Chapel"]
[BlackTeam "Manx Liberty"]

1. d4 d5 2. Nf3 c6 3. e3 Bf5 4. Bd3 Bg6 5. b3 e6 6. O-O Bd6 7. Bb2 Nf6 8. Bxg6
hxg6 9. Nbd2 Nbd7 10. Ne5 Ne4 11. f4 Ndf6 12. Ndf3 Qc7 13. c4 O-O-O 14. c5 Bxe5
15. Nxe5 Rh5 16. b4 Rdh8 17. h3 g5 18. a4 g4 19. Nxg4 Nxg4 20. Qxg4 f5 21. Qe2
Ng3 22. Qd2 Nxf1 23. Kxf1 g5 24. fxg5 Rxg5 25. e4 Rhg8 26. e5 Qg7 27. Bc1 Rxg2
0-1

[Event "4NCL Division 3 North"]
[Site "Bolton, ENG"]
[Date "2017.01.15"]
[Round "4.26"]
[White "Roberts, Malcolm A"]
[Black "Thoday, Francis"]
[Result "1/2-1/2"]
[WhiteElo "1664"]
[BlackElo "1863"]
[PlyCount "62"]
[EventDate "2017.01.15"]
[WhiteTeam "Holmes Chapel"]
[BlackTeam "Manx Liberty"]

1. e4 e5 2. Nf3 Nc6 3. Nc3 Nf6 4. Bc4 Nxe4 5. Nxe4 d5 6. Bxd5 Qxd5 7. Nc3 Qd8
8. h3 Bd6 9. d3 O-O 10. O-O Bf5 11. Bg5 f6 12. Bd2 Qd7 13. Ne4 Rad8 14. Nxd6
cxd6 15. Re1 g5 16. Nh2 Nd4 17. Bc3 Ne6 18. Ng4 Kg7 19. Ne3 Bg6 20. Nd5 Nf4 21.
Nxf4 gxf4 22. Qf3 Qc6 23. Qxc6 bxc6 24. b3 Bf7 25. Ba5 Rd7 26. f3 Kg6 27. Kf2
Bd5 28. c4 Bf7 29. Rad1 c5 30. Bc3 Rb7 31. Ba5 Kf5 1/2-1/2

[Event "4NCL Division 3 North"]
[Site "Bolton, ENG"]
[Date "2017.01.15"]
[Round "4.32"]
[White "Richardson, Alex"]
[Black "Whitehead, Mark A"]
[Result "1/2-1/2"]
[WhiteElo "2129"]
[BlackElo "1982"]
[PlyCount "75"]
[EventDate "2017.01.15"]
[WhiteTeam "Cheddleton 2"]
[BlackTeam "Manchester Manticores 3"]

1. c4 e5 2. Nc3 Nc6 3. g3 g6 4. Bg2 Bg7 5. e4 Nge7 6. Nge2 O-O 7. O-O d6 8. d3
h6 9. Be3 Nd4 10. Qd2 Kh7 11. Rae1 c6 12. f4 f5 13. Bf2 Be6 14. exf5 Nxe2+ 15.
Nxe2 Bxf5 16. Rd1 Bg4 17. fxe5 dxe5 18. h3 Bf3 19. Bxf3 Rxf3 20. Kg2 Rf7 21. g4
b6 22. Qe3 c5 23. Qe4 Rc8 24. Bh4 Rxf1 25. Rxf1 Qe8 26. Nc3 Nc6 27. Bf6 Qe6 28.
Bxg7 Kxg7 29. Nd5 Rf8 30. Rxf8 Kxf8 31. Nf4 Qf6 32. Nxg6+ Kg7 33. Nh4 Qxh4 34.
Qxc6 Qe1 35. Qb7+ Kf6 36. Qf3+ Kg7 37. Qb7+ Kf6 38. Qf3+ 1/2-1/2

[Event "4NCL Division 3 North"]
[Site "Bolton, ENG"]
[Date "2017.01.15"]
[Round "4.33"]
[White "Cukovs, Oleg"]
[Black "Edwards, Simon R"]
[Result "0-1"]
[WhiteElo "1990"]
[BlackElo "2065"]
[PlyCount "124"]
[EventDate "2017.01.15"]
[WhiteTeam "Manchester Manticores 3"]
[BlackTeam "Cheddleton 2"]

1. e4 c5 2. c3 Nf6 3. e5 Nd5 4. d4 cxd4 5. Qxd4 e6 6. Bc4 Nc6 7. Qe4 Nb6 8. Bb3
d5 9. exd6 Bxd6 10. Nf3 Nd7 11. O-O Nc5 12. Qe2 Nxb3 13. axb3 O-O 14. Rd1 Qc7
15. Na3 Bxa3 16. bxa3 Na5 17. Qc2 b6 18. c4 Bb7 19. Ng5 g6 20. Bb2 Qf4 21. Bc1
Qe5 22. Be3 f6 23. Nh3 Qe4 24. Qxe4 Bxe4 25. Bh6 Rfd8 26. f3 Bc2 27. Rxd8+ Rxd8
28. Re1 Rd1 29. Rxd1 Bxd1 30. b4 Nxc4 31. Bc1 h5 32. Nf4 Kf7 33. Kf2 Ba4 34.
Ke2 Bb5 35. Kd1 Nd6 36. Kd2 Bc4 37. g3 e5 38. Ng2 Bd5 39. Ke2 Nf5 40. Be3 Nxe3
41. Nxe3 Bb3 42. g4 hxg4 43. fxg4 Ke6 44. h4 f5 45. gxf5+ gxf5 46. h5 Kf6 47.
h6 Be6 48. Nd1 Kg6 49. Nc3 Kxh6 50. Kd3 Kg5 51. Nb5 a6 52. Nc7 Bc8 53. a4 Bb7
54. a5 bxa5 55. bxa5 e4+ 56. Ke3 f4+ 57. Ke2 Kf5 58. Ne8 Ke5 59. Ng7 Bc6 60.
Kf2 e3+ 61. Ke2 Ke4 62. Nh5 f3+ 0-1

[Event "4NCL Division 3 North"]
[Site "Bolton, ENG"]
[Date "2017.01.15"]
[Round "4.34"]
[White "Davison, Colin F S"]
[Black "Jaques, Andrew"]
[Result "1-0"]
[WhiteElo "1916"]
[BlackElo "1952"]
[PlyCount "57"]
[EventDate "2017.01.15"]
[WhiteTeam "Cheddleton 2"]
[BlackTeam "Manchester Manticores 3"]

1. c4 Nf6 2. g3 g6 3. Bg2 Bg7 4. Nf3 O-O 5. O-O d6 6. Nc3 Nbd7 7. d3 a6 8. Qc2
e5 9. Rb1 c6 10. e4 Re8 11. h3 b5 12. b4 Bb7 13. Nd2 Nf8 14. Nb3 Rc8 15. c5 Ne6
16. Be3 d5 17. Ne2 d4 18. Bd2 Rc7 19. Rbe1 Bc8 20. Qc1 Nd7 21. Kh2 Rf8 22. Na5
Nb8 23. f4 f5 24. exf5 gxf5 25. fxe5 Bxe5 26. Nf4 Bxf4 27. Bxf4 Nxf4 28. Qxf4
Bb7 29. Re5 1-0

[Event "4NCL Division 3 North"]
[Site "Bolton, ENG"]
[Date "2017.01.15"]
[Round "4.36"]
[White "Armstrong, William G"]
[Black "Potter, Steven"]
[Result "1-0"]
[WhiteElo "1826"]
[BlackElo "1900"]
[PlyCount "103"]
[EventDate "2017.01.15"]
[WhiteTeam "Cheddleton 2"]
[BlackTeam "Manchester Manticores 3"]

1. e4 e6 2. d4 b6 3. Bd3 Bb7 4. Ne2 Nc6 5. O-O Nb4 6. c3 Nxd3 7. Qxd3 Be7 8. b3
d6 9. c4 Nf6 10. f3 O-O 11. Bb2 c6 12. Nbc3 d5 13. e5 dxc4 14. bxc4 Nd7 15.
Rad1 c5 16. Ne4 cxd4 17. Bxd4 Nc5 18. Nxc5 Bxc5 19. Bxc5 Qxd3 20. Rxd3 bxc5 21.
Rd6 a5 22. Nc3 Ba6 23. Nb5 Bxb5 24. cxb5 a4 25. Rc1 g5 26. Rxc5 Ra5 27. Ra6 Ra8
28. Rxa5 Rxa5 29. a3 Kg7 30. Kf2 Ra8 31. b6 Rb8 32. Rb5 Kf8 33. Ke3 Ke7 34. Kd4
Kd7 35. Kc5 h5 36. b7 Kc7 37. Kb4 Rxb7 38. Rxb7+ Kxb7 39. Kxa4 Kc6 40. Kb4 Kd5
41. a4 Kxe5 42. Kc5 g4 43. fxg4 hxg4 44. a5 f5 45. a6 Kf4 46. a7 e5 47. a8=Q
Ke3 48. Qa3+ Kf2 49. Qg3+ Kf1 50. Qxe5 Kxg2 51. Qf4 Kh3 52. Qg3# 1-0

[Event "4NCL Division 3 North"]
[Site "Bolton, ENG"]
[Date "2017.01.15"]
[Round "4.43"]
[White "Mulleady, Peter J"]
[Black "Halfpenny, Glenn"]
[Result "1-0"]
[WhiteElo "2095"]
[BlackElo "2094"]
[PlyCount "97"]
[EventDate "2017.01.15"]
[WhiteTeam "Manchester Manticores 2"]
[BlackTeam "Ashfield Breadsall 1"]

1. Nf3 d5 2. g3 Nf6 3. Bg2 c5 4. d3 Nc6 5. O-O h6 6. Nbd2 e5 7. e4 dxe4 8. Nxe4
Nxe4 9. dxe4 Bg4 10. c3 Bd6 11. Qc2 Qc7 12. Nd2 Be6 13. Qa4 a6 14. Nc4 Bxc4 15.
Qxc4 b5 16. Qe2 c4 17. a4 O-O 18. Be3 Na5 19. axb5 axb5 20. f4 Nb3 21. Rxa8
Rxa8 22. fxe5 Bxe5 23. Qg4 Ra6 24. Rd1 Ra1 25. Rxa1 Nxa1 26. Qd1 Nb3 27. Qd5 b4
28. Bf1 bxc3 29. bxc3 Na5 30. Bd4 Bxd4+ 31. Qxd4 Kf8 32. Kf2 f6 33. Kf3 Qe5 34.
Qxe5 fxe5 35. Kg4 g6 36. h4 Ke7 37. h5 Kf6 38. hxg6 Kxg6 39. Be2 Kf6 40. Kh5
Kg7 41. g4 Nb3 42. Bxc4 Nc5 43. Bd5 Nd7 44. g5 hxg5 45. Kxg5 Kf8 46. Kf5 Ke7
47. Bc6 Nb8 48. Bb5 Kd6 49. c4 1-0

[Event "4NCL Division 3 North"]
[Site "Bolton, ENG"]
[Date "2017.01.15"]
[Round "4.45"]
[White "Reed, John"]
[Black "Truman, Richard G"]
[Result "1/2-1/2"]
[WhiteElo "2057"]
[BlackElo "1969"]
[PlyCount "41"]
[EventDate "2017.01.15"]
[WhiteTeam "Manchester Manticores 2"]
[BlackTeam "Ashfield Breadsall 1"]

1. d4 Nf6 2. Nf3 g6 3. c4 Bg7 4. Nc3 d5 5. e3 O-O 6. cxd5 Nxd5 7. Bc4 Nxc3 8.
bxc3 c5 9. O-O Nc6 10. Ba3 b6 11. Rc1 Bb7 12. Qe2 Qc7 13. Ba6 Rfd8 14. Bxb7
Qxb7 15. Rfd1 e6 16. Qb5 a6 17. Qe2 cxd4 18. cxd4 b5 19. Rb1 Rac8 20. Nd2 Na5
21. Bb4 1/2-1/2

[Event "4NCL Division 3 North"]
[Site "Bolton, ENG"]
[Date "2017.01.15"]
[Round "4.51"]
[White "Polaczek, Richard"]
[Black "Burke, Steven J"]
[Result "1-0"]
[WhiteElo "2407"]
[BlackElo "1900"]
[PlyCount "79"]
[EventDate "2017.01.15"]
[WhiteTeam "Manchester Manticores 1"]
[BlackTeam "Ashfield Breadsall 2"]

1. d4 Nf6 2. Nf3 b6 3. g3 Bb7 4. Bg2 e6 5. c4 Bb4+ 6. Bd2 Qe7 7. O-O Bxd2 8.
Qxd2 d6 9. Qc2 O-O 10. Nc3 c5 11. Rfd1 Nc6 12. d5 exd5 13. cxd5 Ne5 14. Nh4 Bc8
15. h3 Ng6 16. Nf3 Nd7 17. a4 a6 18. Rab1 Nde5 19. Nd2 Nd7 20. b4 f5 21. bxc5
bxc5 22. e3 h5 23. Nc4 h4 24. Kh2 Nge5 25. Na5 hxg3+ 26. fxg3 Nf6 27. Re1 Qe8
28. Nc6 Nxc6 29. dxc6 Qe5 30. Ne2 g5 31. Qc3 Qe7 32. Rf1 Ra7 33. Rb8 Rc7 34.
Rxc8 Rcxc8 35. Rxf5 Rf7 36. Rxg5+ Rg7 37. Rf5 Rf8 38. Nf4 Kh8 39. c7 Rgf7 40.
Ng6+ 1-0

[Event "4NCL Division 3 North"]
[Site "Bolton, ENG"]
[Date "2017.01.15"]
[Round "4.54"]
[White "Taylor, Robert P"]
[Black "Peacock, Malcolm R"]
[Result "1/2-1/2"]
[WhiteElo "1874"]
[BlackElo "2110"]
[PlyCount "87"]
[EventDate "2017.01.15"]
[WhiteTeam "Ashfield Breadsall 2"]
[BlackTeam "Manchester Manticores 1"]

1. d4 Nf6 2. Bg5 e6 3. Nd2 Be7 4. e3 b6 5. Bd3 Bb7 6. Ngf3 h6 7. Bxf6 Bxf6 8.
O-O O-O 9. c3 d6 10. Qe2 Nd7 11. Rac1 g6 12. Rfd1 Qe7 13. e4 e5 14. d5 Bg5 15.
Nxg5 hxg5 16. Qg4 Kg7 17. Nf3 Rh8 18. Qxg5 f6 19. Qg3 Rh6 20. h3 Rah8 21. b4
Nf8 22. Nh2 Bc8 23. Ng4 Bxg4 24. Qxg4 Rh4 25. Qg3 Qd7 26. f3 Kf7 27. c4 R4h5
28. Kf2 Rg5 29. Qh2 f5 30. f4 Rgh5 31. fxe5 dxe5 32. exf5 gxf5 33. Be2 Rh4 34.
Qxe5 Ng6 35. Qe6+ Qxe6 36. dxe6+ Kxe6 37. c5 Rf4+ 38. Kg1 Ne5 39. cxb6 cxb6 40.
b5 Rh7 41. Rc8 Ra4 42. Rd2 Rd7 43. Rdc2 Rdd4 44. Re8+ 1/2-1/2

[Event "4NCL Division 3 North"]
[Site "Bolton, ENG"]
[Date "2017.01.15"]
[Round "4.55"]
[White "Kay, Lee P"]
[Black "Hill, Maurice J"]
[Result "1-0"]
[WhiteElo "2117"]
[BlackElo "1825"]
[PlyCount "75"]
[EventDate "2017.01.15"]
[WhiteTeam "Manchester Manticores 1"]
[BlackTeam "Ashfield Breadsall 2"]

1. e4 c5 2. b4 e6 3. bxc5 Bxc5 4. d4 Be7 5. Bd3 d6 6. f4 Nc6 7. c3 Bd7 8. Nf3
Qa5 9. O-O Nf6 10. Qe1 e5 11. d5 Nxd5 12. exd5 Qxd5 13. Be4 Qc5+ 14. Be3 Qc4
15. Bxc6 Bxc6 16. fxe5 Bxf3 17. Rxf3 dxe5 18. Nd2 Qe6 19. Rb1 b6 20. a4 O-O 21.
a5 Bc5 22. Bxc5 bxc5 23. Rb5 Rfc8 24. Qe4 Rab8 25. c4 f6 26. Rxb8 Rxb8 27. Rb3
Rd8 28. Rd3 Rd4 29. Rxd4 cxd4 30. Qa8+ Kf7 31. Qxa7+ Kg6 32. Qb7 f5 33. Qb6 Kf6
34. Qxe6+ Kxe6 35. a6 e4 36. a7 e3 37. a8=Q exd2 38. Qd5+ 1-0

[Event "4NCL Division 3 North"]
[Site "Bolton, ENG"]
[Date "2017.01.15"]
[Round "4.56"]
[White "Graham, Neil"]
[Black "Mazek, Marek"]
[Result "0-1"]
[WhiteElo "1812"]
[BlackElo "2110"]
[PlyCount "80"]
[EventDate "2017.01.15"]
[WhiteTeam "Ashfield Breadsall 2"]
[BlackTeam "Manchester Manticores 1"]

1. d4 Nf6 2. f3 d5 3. e4 dxe4 4. Nc3 exf3 5. Nxf3 e6 6. Bg5 Be7 7. Bd3 c5 8.
dxc5 Bxc5 9. Bb5+ Bd7 10. Ne5 Qc7 11. Nxd7 Nbxd7 12. Bxf6 gxf6 13. Bxd7+ Qxd7
14. Qxd7+ Kxd7 15. Ne4 Kc6 16. O-O-O Be7 17. Rd3 Rad8 18. Rhd1 Rxd3 19. Rxd3 f5
20. Nf2 Bg5+ 21. Kd1 Rd8 22. Ke2 Rd5 23. Rc3+ Kd7 24. Nd3 b6 25. Ra3 a5 26. b4
axb4 27. Ra7+ Ke8 28. Nxb4 Rd2+ 29. Kf1 Be3 30. Ra3 Bc5 31. Ra8+ Ke7 32. Nc6+
Kf6 33. c4 Rf2+ 34. Ke1 Rxg2 35. Ra7 Rxh2 36. Nd8 Ke5 37. Nxf7+ Kf4 38. Kd1 e5
39. Nd8 Ke3 40. Ne6 f4 0-1

[Event "4NCL Division 3 North"]
[Site "Bolton, ENG"]
[Date "2017.01.15"]
[Round "4.62"]
[White "Patrick, David A"]
[Black "Burton, Graham P"]
[Result "0-1"]
[WhiteElo "1876"]
[BlackElo "2035"]
[PlyCount "98"]
[EventDate "2017.01.15"]
[WhiteTeam "Bradford DCA Knights C"]
[BlackTeam "3Cs 2"]

1. e4 c5 2. c3 Nf6 3. e5 Nd5 4. d4 cxd4 5. Nf3 e6 6. cxd4 d6 7. Nc3 Nxc3 8.
bxc3 Qc7 9. Qb3 Nd7 10. exd6 Bxd6 11. Bd3 b6 12. Ng5 Bb7 13. Ne4 Bf4 14. Be3
Rc8 15. Rc1 O-O 16. Rc2 Rce8 17. Ng5 Bxg5 18. Bxg5 Bxg2 19. Rf1 Bxf1 20. Bxf1
e5 21. d5 Nc5 22. Qc4 e4 23. Kd2 Qxh2 24. Be3 Rc8 25. Qb4 Rfd8 26. c4 f5 27.
Be2 f4 28. Bd4 Qh6 29. Bg4 Rc7 30. Qc3 Qh4 31. Qh3 Qxh3 32. Bxh3 b5 33. Be5 Re7
34. Bxf4 bxc4 35. d6 e3+ 36. fxe3 Ne4+ 37. Ke2 Nxd6 38. Bg5 Rde8 39. Bxe7 Rxe7
40. Rd2 Ne4 41. Rc2 Nd6 42. Kf3 g6 43. Bf1 Rc7 44. Bh3 Kg7 45. Kf4 Kf6 46. e4
g5+ 47. Ke3 Ke5 48. Bg2 c3 49. Kd3 h5 0-1

[Event "4NCL Division 3 North"]
[Site "Bolton, ENG"]
[Date "2017.01.15"]
[Round "4.71"]
[White "Powell, Lloyd"]
[Black "Sanghera, Parminder"]
[Result "1/2-1/2"]
[WhiteElo "2085"]
[BlackElo "2260"]
[PlyCount "124"]
[EventDate "2017.01.15"]
[WhiteTeam "Spirit of Atticus B"]
[BlackTeam "Hounds and Bears"]

1. d4 d5 2. c4 e6 3. Nf3 c6 4. g3 dxc4 5. Bg2 b5 6. O-O Nd7 7. a4 Bb7 8. b3
cxb3 9. Qxb3 a6 10. Rd1 Ngf6 11. Ne5 Nd5 12. e4 N5b6 13. Nc3 Nxe5 14. dxe5 Qc7
15. Bf4 Be7 16. Rac1 Qb8 17. axb5 O-O 18. Be3 c5 19. f4 a5 20. Na4 Nxa4 21.
Qxa4 Qc7 22. b6 Qxb6 23. Qd7 Qb3 24. Rd3 Bc6 25. Rxb3 Bxd7 26. Rb7 Rfd8 27.
Bxc5 Rac8 28. Be3 Rxc1+ 29. Bxc1 Bb4 30. Be3 h6 31. Kf2 Ba4 32. Bf3 Bc2 33. Rc7
Bb3 34. Rb7 Rc8 35. Be2 Bc2 36. Bf3 Bc3 37. Ra7 a4 38. Ke2 Bb2 39. Bd2 Rb8 40.
Be3 a3 41. Bc5 Rb3 42. f5 Bd3+ 43. Kf2 Bc4 44. Bh5 exf5 45. exf5 Rb8 46. e6
fxe6 47. Bf7+ Kh8 48. Bxe6 a2 49. Bxc4 a1=Q 50. Rxa1 Bxa1 51. Be2 Ra8 52. Be3
Be5 53. h3 Ra4 54. Bc1 Ra1 55. Be3 Rh1 56. Bf1 Rh2+ 57. Bg2 h5 58. h4 Kg8 59.
Kf3 Kf7 60. Bg1 Rxg2 61. Kxg2 Kf6 62. Kf3 Kxf5 1/2-1/2

[Event "4NCL Division 3 North"]
[Site "Bolton, ENG"]
[Date "2017.01.15"]
[Round "4.72"]
[White "Marshall, Robert J"]
[Black "Johnson, Michael D"]
[Result "0-1"]
[WhiteElo "2125"]
[BlackElo "1967"]
[PlyCount "98"]
[EventDate "2017.01.15"]
[WhiteTeam "Hounds and Bears"]
[BlackTeam "Spirit of Atticus B"]

1. d4 Nf6 2. c4 e6 3. g3 Bb4+ 4. Bd2 Bxd2+ 5. Nxd2 d5 6. Bg2 O-O 7. Ngf3 c6 8.
O-O Nbd7 9. Qc2 Re8 10. Rfd1 Qe7 11. e4 Nf8 12. e5 N6d7 13. h4 b6 14. cxd5 cxd5
15. Bf1 Bb7 16. Rac1 Rec8 17. Qa4 Qd8 18. b4 a5 19. b5 Rxc1 20. Rxc1 Rc8 21.
Qa3 f6 22. Nb3 Rxc1 23. Qxc1 Qc8 24. Bh3 Qxc1+ 25. Nxc1 Kf7 26. Nd3 Ke7 27. Bg4
Bc8 28. Nd2 fxe5 29. dxe5 Nc5 30. Nxc5 bxc5 31. Nb3 Nd7 32. Nxa5 Nxe5 33. Be2
Nd7 34. Nc6+ Kd6 35. a4 c4 36. Kf1 Nc5 37. Bd1 Bd7 38. Nb4 e5 39. f4 e4 40. Ke2
Bg4+ 41. Ke1 Bxd1 42. Kxd1 Nxa4 43. Kd2 Kc5 44. Nc6 d4 45. h5 e3+ 46. Ke2 Nc3+
47. Kf3 Nxb5 48. Nd8 c3 49. Nb7+ Kb6 0-1

[Event "4NCL Division 3 North"]
[Site "Bolton, ENG"]
[Date "2017.01.15"]
[Round "4.73"]
[White "Miles, Richard"]
[Black "McCumiskey, Andrew P"]
[Result "0-1"]
[WhiteElo "1987"]
[BlackElo "2027"]
[PlyCount "70"]
[EventDate "2017.01.15"]
[WhiteTeam "Spirit of Atticus B"]
[BlackTeam "Hounds and Bears"]

1. c4 g6 2. Nc3 d6 3. g3 Bg7 4. Bg2 e5 5. d3 Nc6 6. Rb1 a5 7. a3 f5 8. b4 axb4
9. axb4 Nf6 10. b5 Ne7 11. e4 O-O 12. Nge2 Nh5 13. exf5 gxf5 14. Nd5 Nxd5 15.
Bxd5+ Kh8 16. O-O f4 17. Nxf4 Nxf4 18. gxf4 Qh4 19. Qf3 exf4 20. Bb2 Bxb2 21.
Rxb2 Bh3 22. Re1 Rf6 23. Rbe2 Rg6+ 24. Kh1 Bg2+ 25. Qxg2 Rxg2 26. Bxg2 Qg4 27.
Re8+ Rxe8 28. Rxe8+ Kg7 29. Bd5 Qh3 30. Kg1 Qxd3 31. Re7+ Kh6 32. Rf7 c6 33.
bxc6 bxc6 34. Bg2 Qb1+ 35. Bf1 Qg6+ 0-1

[Event "4NCL Division 3 North"]
[Site "Bolton, ENG"]
[Date "2017.01.15"]
[Round "4.74"]
[White "Carpenter, Raymond"]
[Black "McDonagh, Michael"]
[Result "0-1"]
[WhiteElo "1990"]
[BlackElo "1891"]
[PlyCount "60"]
[EventDate "2017.01.15"]
[WhiteTeam "Hounds and Bears"]
[BlackTeam "Spirit of Atticus B"]

1. e4 e5 2. Nf3 Nf6 3. Nxe5 d6 4. Nf3 Nxe4 5. Nc3 Nxc3 6. bxc3 Be7 7. d4 b6 8.
Bd3 Bb7 9. O-O O-O 10. Bf4 Nd7 11. c4 Bf6 12. c3 Re8 13. Qc2 g6 14. Nd2 Bg7 15.
Ne4 h6 16. Rfe1 Nf6 17. Ng5 Qd7 18. f3 c5 19. d5 b5 20. Ne4 Nxe4 21. fxe4 b4
22. Bd2 a5 23. Rab1 Qe7 24. cxb4 axb4 25. Rb3 Bc8 26. Qc1 Rxa2 27. Bb1 Ra1 28.
Bxh6 Bd4+ 29. Kf1 Qh4 30. Bf4 Qf2# 0-1

[Event "4NCL Division 3 North"]
[Site "Bolton, ENG"]
[Date "2017.01.15"]
[Round "4.76"]
[White "Harrington, Michael J"]
[Black "Mort, Andrew J"]
[Result "1/2-1/2"]
[WhiteElo "1772"]
[BlackElo "1895"]
[PlyCount "46"]
[EventDate "2017.01.15"]
[WhiteTeam "Hounds and Bears"]
[BlackTeam "Spirit of Atticus B"]

1. e4 c6 2. d3 d5 3. exd5 cxd5 4. g3 Nf6 5. Bg2 Nc6 6. Nf3 Bg4 7. Bg5 e6 8. Qd2
Bb4 9. c3 Be7 10. O-O O-O 11. Re1 h6 12. Bxf6 Bxf6 13. d4 Rb8 14. Ne5 Bxe5 15.
dxe5 b5 16. Qf4 Bf5 17. Nd2 Na5 18. Rad1 Bc2 19. Rc1 Bg6 20. b3 Qd7 21. Nf3
Rfc8 22. Red1 Qe7 23. Bf1 a6 1/2-1/2

[Event "4NCL Division 3 North"]
[Site "Bolton, ENG"]
[Date "2017.01.15"]
[Round "4.203"]
[White "O`Gorman, Alice"]
[Black "Baxter, Harold"]
[Result "1/2-1/2"]
[WhiteElo "1795"]
[BlackElo "1882"]
[PlyCount "48"]
[EventDate "2017.01.15"]
[WhiteTeam "Enniscorthy"]
[BlackTeam "Bradford DCA Knights B"]

1. e4 c5 2. Nf3 e6 3. d4 cxd4 4. Nxd4 a6 5. c4 Nf6 6. Nc3 Qc7 7. Be3 d6 8. f3
Nbd7 9. Qd2 Be7 10. Be2 b6 11. O-O Bb7 12. Rac1 Rc8 13. Rfd1 Qb8 14. b3 O-O 15.
Bf2 Rfd8 16. Nc2 h6 17. Bg3 Ne5 18. Kh1 Nh5 19. Bf2 Bg5 20. Be3 Bxe3 21. Qxe3
Nd7 22. Nb4 Nhf6 23. Rd2 Qc7 24. Rcd1 Ne8 1/2-1/2

[Event "4NCL Division 3 North"]
[Site "Bolton, ENG"]
[Date "2017.01.15"]
[Round "4.209"]
[White "O'gorman, Brian"]
[Black "Johnson, Paul A"]
[Result "0-1"]
[WhiteElo "1600"]
[BlackElo "1878"]
[PlyCount "108"]
[EventDate "2017.01.15"]
[WhiteTeam "Enniscorthy"]
[BlackTeam "Bradford DCA Knights B"]

1. e4 e5 2. Nf3 Nc6 3. Bc4 Nf6 4. d3 Bc5 5. c3 d6 6. O-O O-O 7. Nbd2 Qe7 8. Re1
Be6 9. Bb3 Bb6 10. Nf1 h6 11. Ng3 Qd7 12. Bc2 Ne7 13. d4 Ng6 14. Be3 c6 15. Qe2
Rad8 16. Rad1 Qc7 17. Qd2 Kh7 18. Qe2 Rfe8 19. Bc1 Qc8 20. b3 Bc7 21. c4 c5 22.
d5 Bg4 23. h3 Bxf3 24. Qxf3 Nh4 25. Qe2 g5 26. Nh5 Ng8 27. Qe3 f6 28. Kh2 Rd7
29. Rd3 Rf7 30. Bd1 f5 31. Qd2 f4 32. Bg4 Qd8 33. g3 fxg3+ 34. Nxg3 Ba5 35. Qe2
Bxe1 36. Qxe1 Ref8 37. Nf5 Nxf5 38. Bxf5+ Kg7 39. Be3 Rxf5 40. exf5 Rxf5 41.
Qe2 Ne7 42. h4 Ng6 43. hxg5 hxg5 44. Qh5 Qh8 45. Qxh8+ Kxh8 46. Rd1 Kg7 47. Kg3
Nf4 48. Kg4 Kg6 49. Rh1 Rf8 50. Rg1 Rh8 51. Rb1 a5 52. a3 Rh4+ 53. Kf3 Kf5 54.
Bc1 Rh3# 0-1

[Event "4NCL Division 3 North"]
[Site "Bolton, ENG"]
[Date "2017.01.15"]
[Round "4.205"]
[White "Plaza Reino, Mercedes"]
[Black "Nezis, Anastasios"]
[Result "1/2-1/2"]
[WhiteElo "1594"]
[BlackElo "1904"]
[PlyCount "41"]
[EventDate "2017.01.15"]
[WhiteTeam "Enniscorthy"]
[BlackTeam "Jorvik"]

1. f4 d6 2. Nf3 Bg4 3. e3 Nf6 4. Be2 e6 5. b3 Be7 6. Bb2 Nbd7 7. O-O c6 8. c4
O-O 9. d3 d5 10. Ne5 Bxe2 11. Qxe2 Ne8 12. Nd2 f6 13. Nxd7 Qxd7 14. Rad1 Nd6
15. Kh1 f5 16. e4 Rae8 17. Qf3 dxe4 18. dxe4 Qc8 19. Rfe1 fxe4 20. Nxe4 Nxe4
21. Rxe4 1/2-1/2